• 首页
  • 本馆介绍
  • 公告通知
  • 最新文献
  • 馆藏检索
  • 电子资源
  • 读者导购
  • 参考咨询
  • 我的图书馆
  • 登录
  • 详细信息显示
  • 放入我的书架
  • 预约/预借图书
  • 作者相关作品
  • 分类相关作品
  • 丛书相关作品
  • 出版社相关作品

书目信息

  • 表格格式
  • 工作单格式
  • 卡片格式
题名:
冷链运输原理与方法
    
 
作者: 谢如鹤 主编
分册:  
出版信息: 北京   化学工业出版社  2013
页数: 211页
开本: 26cm
丛书名: 现代物流新技术丛书
单 册:
中图分类: U16
科图分类:
主题词: 易腐货物运输--冷藏货物运输 , 易腐货物运输 , 冷藏货物运输
电子资源:
ISBN: 978-7-122-15908-3
000 01158nam0 2200289 450
001 5
005 20140909103728.51
010    @a978-7-122-15908-3@dCNY46.00
100    @a20130521d2013 em y0chiy50 ea
101 0  @achi
102    @aCN@b110000
105    @aa z 001yy
106    @ar
200 1  @a冷链运输原理与方法@ALeng Lian Yun Shu Yuan Li Yu Fang Fa@dPrinciple and method of cold-chain transportation@f谢如鹤主编@FXie Ru He Zhu Bian@zeng
210    @a北京@c化学工业出版社@d2013
215    @a211页@c图@d26cm
225 2  @a现代物流新技术丛书
330    @a本书从冷链运输的概念、现状与发展趋势,易腐货物的理化性质、冷藏原理、冷链运输条件,制冷原理与制冷系统、冷链运输装备与节能,易腐货物的冷链运输组织、冷链运输安全与风险管理、冷链运输信息化等角度,论述了冷链运输的概念体系、基本原理、操作技术与方法。
461  0 @12001 @a现代物流新技术丛书
510 1  @aPrinciple and method of cold-chain transportation@zeng
606 0  @a易腐货物运输@x冷藏货物运输
606 0  @a易腐货物运输
606 0  @a冷藏货物运输
690    @aU16@v5
701  0 @a谢如鹤@AXie Ru He@f(1963~)@4主编
801  0 @aCN@bTANGWEI@c20140603
905    @b0837880-82@dU16@e216@f3
    
    冷链运输原理与方法=Principle and method of cold-chain transportation/谢如鹤主编.-北京:化学工业出版社,2013
    211页:图;26cm.-(现代物流新技术丛书)
    
    
    ISBN 978-7-122-15908-3:CNY46.00
    本书从冷链运输的概念、现状与发展趋势,易腐货物的理化性质、冷藏原理、冷链运输条件,制冷原理与制冷系统、冷链运输装备与节能,易腐货物的冷链运输组织、冷链运输安全与风险管理、冷链运输信息化等角度,论述了冷链运输的概念体系、基本原理、操作技术与方法。
●
相关链接 在E读中查询图书 在五车中查询图书 在当当中查询图书 在豆瓣中查询图书


正题名:冷链运输原理与方法     索取号:U16/216         预约/预借

序号 登录号 条形码 馆藏地/架位号 状态 备注
1 0837880   208378806   第二样本阅览室/ [索取号:U16/216] 在馆    
2 0837881   208378815   第三借阅区/ [索取号:U16/216] 在馆    
3 0837882   208378824   第三借阅区/ [索取号:U16/216] 在馆    
唐山师范学院图书馆 欢迎您!
大连网信软件有限公司© 版权所有